Statystyki dla Rodzaje gryzoni

Kliknij tutaj aby rozwiązać quiz!

Ogólne statystyki

  • Ten quiz został rozwiązany 175 razy
  • Średni wynik to 8 z 495

Statystyki odpowiedzi

Rodzaj% Poprawnych
Szczur
91%
Mysz
90%
Chomik
74%
Wiewiórka
64%
Kawia
53%
Szynszyla
39%
Myszoskocz
36%
Bóbr
32%
Kapibara
20%
Nutria
19%
Koszatniczka
19%
Myszoskoczek
19%
Nornica
19%
Świstak
16%
Suseł
13%
Myszka
11%
Piżmak
10%
Nornik
8%
Leming
8%
Jeżozwierz
7%
Badylarka
7%
Koszatka
6%
Aguti
6%
Nieświszczuk
6%
Popielica
6%
Chomiczek
5%
Polatucha
5%
Żołędnica
4%
Orzesznica
4%
Karczownik
4%
Skoczek
4%
Pręgowiec (burunduk)
4%
Kretoszczur
4%
Mara
4%
Szczuroskoczek
3%
Smużka
3%
Goffer
3%
Postrzałka
3%
Wiewióra
3%
Myszarka
3%
Urson
3%
Myszatka
2%
Jeżatka
2%
Paka
2%
Suwak
2%
Ślepiec
2%
Ryjoszczur
1%
Koszatnik
1%
Pięknosuseł
1%
Oryginałek
1%
Grzywak
1%
Chomicznik
1%
Igłozwierz
1%
Kolcomysz
1%
Fernandek
1%
Irenka
1%
Bobroszczur
1%
Bawełniak
1%
Osgudek
1%
Chomiczak
1%
Podskoczek
1%
Cokor
1%
Popieliczka
1%
Selewinka
1%
Szczurzynek
1%
Myszor
1%
Myszak
1%
Myszochomik
1%
Myszeczka
1%
Wielkoszczur
1%
Cejlonek
1%
Pędzlogon
1%
Szczurnik
1%
Nowik
1%
Afrowiórka
1%
Koendu
1%
Odskoczek
1%
Karłomysz (szczuroskok)
1%
Kawiaczka
1%
Chomikomyszka
1%
Bandikot
1%
Wiskacza
1%
Gundia
1%
Wiskaczan
1%
Tukotuko
1%
Akuczi
1%
Pakarana
1%
Piaskówka
1%
Assapan
1%
Kolczak
1%
Wielkolot
1%
Myszoskoczka
1%
Wiewióreczka
1%
Szczeciniec
1%
Szybowniczek
1%
Bobromysz
1%
Susłogon
1%
Karłolotka
1%
Przelatucha
1%
Wiewiórnik
1%
Goffernik
1%
Hutia
1%
Drzewomyszka
0%
Pręgoszczur
0%
Królikoszczur
0%
Afrosawannik
0%
Ryjówkomyszka
0%
Irianomysz
0%
Szczurofutrzak
0%
Brodzik
0%
Mchoszczur
0%
Bruzdoząbek
0%
Rdzawonos
0%
Myszkówka
0%
Gigaszczur
0%
Małpioszczurnik
0%
Małpioszczurek
0%
Drzewiarka
0%
Sierściogon
0%
Moczarek
0%
Papuasogon
0%
Jaskinioszczurek
0%
Dwuząb
0%
Paraszczurzynek
0%
Nesokia
0%
Górobobrek
0%
Bobroszczurzyk
0%
Floresoszczur
0%
Palawanek
0%
Skoczynoszczur
0%
Skakuszka
0%
Białobrzuch
0%
Nilak
0%
Seramoszczur
0%
Timoroszczur
0%
Zajączkoszczurek
0%
Obłocznik
0%
Komodoszczur
0%
Długowłosek
0%
Pręgomysz
0%
Australoskoczek
0%
Kolcoszczur
0%
Futrzak
0%
Lamotek
0%
Golunda
0%
Myszarek
0%
Bamboszczur
0%
Wełnowłos
0%
Białouch
0%
Myszówka
0%
Krzewoszczurek
0%
Staroszczur
0%
Górolasek
0%
Dymnomyszka
0%
Ranimysz
0%
Marmozetnik
0%
Wielkofutrzak
0%
Wielkogon
0%
Grzebacznik
0%
Madrasek
0%
Ryjomysiak
0%
Czarnowłosek
0%
Myszorówka
0%
Indoszczur
0%
Mozaikogon
0%
Lawomysz
0%
Wełnistek
0%
Błotnoszczurek
0%
Wielkoząbek
0%
Zającoszczur
0%
Sierściomysz
0%
Długoszczurek
0%
Drobnozębnik
0%
Długonóg
0%
Mszarniczek
0%
Abisynek
0%
Świętoszczurek
0%
Nowogwinejek
0%
Krzakorzyk
0%
Nadrzewnik
0%
Pramyszówka
0%
Olejówka
0%
Wiewiórczak
0%
Tropikowiórka
0%
Skałczak
0%
Piaszczyk
0%
Karłosuseł
0%
Periosuseł
0%
Susłouch
0%
Szorstkogrzbiet
0%
Paskosuseł
0%
Zaroślarka
0%
Pasecznik
0%
Myszowiórka
0%
Słońcowiórka
0%
Pręgowiórka
0%
Palmczyk
0%
Susłowiec
0%
Berberyjka
0%
Mysiogon
0%
Szczeciogon
0%
Sewel
0%
Afroślepiec
0%
Wiewiórniczek
0%
Górowiórka
0%
Bambusowczyk
0%
Bruzdowiórek
0%
Zębowiór
0%
Sundalot
0%
Wiórolotka
0%
Latawiórka
0%
Drzewolotka
0%
Wełnolot
0%
Lasolotka
0%
Nocowiórek
0%
Stopowłos
0%
Sosnowiórka
0%
Sulawesówka
0%
Graniówka
0%
Kistkowiec
0%
Smugowiec
0%
Sundajka
0%
Krasnowiewióra
0%
Ryjkowiórka
0%
Karłówka
0%
Mikrowiórka
0%
Indochinka
0%
Ziemiowiórka
0%
Bambusowiec
0%
Cokornik
0%
Sierścinek
0%
Sundoszczur
0%
Koromyszka
0%
Szczurowiec
0%
Ogorzałek
0%
Kolcoszczurek
0%
Zarośloszczur
0%
Akacjoszczur
0%
Szczurówka
0%
Sierściuch
0%
Taerek
0%
Wąskogłówka
0%
Skałoskakun
0%
Jaskinioszczur
0%
Sorkomyszak
0%
Myszaczek
0%
Salomonek
0%
Krasowiec
0%
Pramyszarka
0%
Trawomyszka
0%
Pseudomysz
0%
Pyskomysz
0%
Nibybiałozębnik
0%
Szczureczek
0%
Uszkornik
0%
Kolcoszniczka
0%
Krótkogon
0%
Kolcosznica
0%
Skałomysz
0%
Woalawo
0%
Malgaszomysz
0%
Stokowczyk
0%
Wielkostopek
0%
Malgaszoszczur
0%
Gołogon
0%
Kitkowiec
0%
Szerokostopek
0%
Uszkor
0%
Kaplandka
0%
Nadrzewniczka
0%
Nadrzewniak
0%
Pustynniczka
0%
Wspinacznica
0%
Luzonoszczur
0%
Bagnomyszka
0%
Torbomysz
0%
Chomikoszczur
0%
Gwizdkor
0%
Rękoszczurek
0%
Wiewiórolotka
0%
Wielkoszczurnik
0%
Śnieżnik
0%
Lemingowiec
0%
Bylicornik
0%
Chinornik
0%
Piestruszka
0%
Kaszmirek
0%
Rdzawoplecyk
0%
Stepoleming
0%
Ślepuszonka
0%
Dynarczyk
0%
Obrożnik
0%
Rudogrzbietka
0%
Piżmaczek
0%
Norniczek
0%
Drzewik
0%
Górzak
0%
Skoczomyszka
0%
Skoczomysz
0%
Myszoskok
0%
Skocznik
0%
Chyżoskoczek
0%
Stoposkoczek
0%
Pustelniczek
0%
Skoczuszek
0%
Nornikowiec
0%
Darnik
0%
Mikroskoczek
0%
Nelsonia
0%
Pacyficzek
0%
Sierściak
0%
Duchaczek
0%
Hacjendowiec
0%
Myszośpiewak
0%
Ploniarka
0%
Florydomyszak
0%
Pasikoniszka
0%
Złotomysz
0%
Myszowik
0%
Wielkomyszak
0%
Wrzosownik
0%
Przesmycznik
0%
Nowikowiec
0%
Meksykomysz
0%
Bajomyszka
0%
Koreochomik
0%
Lasochomik
0%
Chomiec
0%
Myszonornik
0%
Moczarnik
0%
Prometeuszek
0%
Lasornik
0%
Trąbkouszek
0%
Grubogonek
0%
Trawniak
0%
Piaskogrzeb
0%
Haitohutia
0%
Domingohutia
0%
Kubohutia
0%
Skrytohutia
0%
Nocohutia
0%
Kuskoszczur
0%
Szynszyloszczur
0%
Skałoszczur
0%
Skąpokolec
0%
Kretoszczurek
0%
Zęboszczur
0%
Moko
0%
Ziemioryjka
0%
Gundianowiec
0%
Gundiarka
0%
Felowia
0%
Skamielinowiec
0%
Szczuroskocznik
0%
Tuzo
0%
Goffertak
0%
Taltuza
0%
Gofferowiec
0%
Nielotka
0%
Pseudokawia
0%
Pstrokolczak
0%
Alaktażnik
0%
Włochatokolczak
0%
Alaktaga
0%
Wiskaczoszczur
0%
Kururo
0%
Salinoszczurek
0%
Wiskaczoszczurek
0%
Pseudowiskacz
0%
Skalniczka
0%
Jeżownica
0%
Szczecinojeżak
0%
Prakolczak
0%
Kolczakowiec
0%
Szybownik
0%
Jeżokolczak
0%
Ostrokolczak
0%
Kolcozbrojnik
0%
Gujara
0%
Kolcokopacz
0%
Kolczastek
0%
Gigamakalata
0%
Liścioszczur
0%
Kolczanik
0%
Makalata
0%
Toro
0%
Górniak
0%
Ukajalczyk
0%
Pagórnik
0%
Atlantoryżak
0%
Gałęziak
0%
Nocouszek
0%
Nadrzewek
0%
Szuwarniczka
0%
Czerwononosek
0%
Andoryżak
0%
Andowiak
0%
Hebanówka
0%
Krzakorek
0%
Tarijczyk
0%
Ryżoszczur
0%
Kongijka
0%
Kolcowłosek
0%
Moczarowiak
0%
Salinowiec
0%
Drzewiszka
0%
Strumieniak
0%
Drzewomyszor
0%
Bruzdówka
0%
Punowiec
0%
Pseudoryżak
0%
Roraimczyk
0%
Liściouch
0%
Pnączarek
0%
Szczoteczniczka
0%
Pirsonek
0%
Papuasomysz
0%
Filipinoszczur
0%
Białozębnik
0%
Futrogon
0%
Papuabobrek
0%
Kusu
0%
Sorkoszczurzyk
0%
Filipinomysz
0%
Mindorowiec
0%
Irianoszczur
0%
Sawannik
0%
Szerokoząbek
0%
Szorstek
0%
Togomyszka
0%
Afroskoczek
0%
Gołostópka
0%
Szczotkogon
0%
Pieszczanka
0%
Tłustogon
0%
Karłoskoczek
0%
Myszoskocznik
0%
Skoczanka
0%
Skoczka
0%
Wydmoskocz
0%
Eremitek
0%
Nadbrzeżnik
0%
Saliniak
0%
Lasowiak
0%
Kolumbiarek
0%
Liściuszek
0%
Krecikomysz
0%
Żółtomyszor
0%
Innoryżak
0%
Szynszylomyszor
0%
Eremik
0%
Gerbilomyszka
0%
Lasomyszak
0%
Deltówka
0%
Szynszylaczek
0%
Deszczownik
0%
Kolumbiak
0%
Rybkożerek
0%
Pazurnik
0%
Sawannoryżak
0%
Wieczorniczka
0%
Samotniczek
0%
Sorkomysz
0%
Szkarłatonosek
0%
Inkomysz
0%
Rybojadek
0%
Andomysz
0%
Płetwoszczurek
0%
Krabojadek
0%
Pyszczkowiak
0%
Bolomyszka
0%
Ryżniak
0%
Góroryżak
0%
Ryżaczek
0%
Drzeworyżak
0%
Patagończyk
0%
Rybołapek
0%
Galapagosek
0%
Podchmurnik
0%
Mokradłowiec
0%
Pływaczek
0%
Kłuiszka
0%
Juliomyszak
0%
Dżunglarek
0%
Ryżowiaczek
0%
Szczurniczek
0%
Ryżoszczurnik
0%
Gigantoryżak
0%
Wielkoryżak
0%
Moczarnica
0%
Słonioząbek
0%
Czarnoszczurnik
0%
Szczurzec
0%
Norowiak
0%
Piaskoskoczka
0%

Rozkład punktacji

Percentyl według liczby udzielonych odpowiedzi

Procent ludzi z każdym wynikiem

Twoja historia wyników

Nie rozwiązałeś tego quizu